000 00246nam a22000857a 4500
008 160822b xxu||||| |||| 00| 0 eng d
100 _9204
_aRohan Book Company
245 _aFamous Stories of Sheikh Chilli
260 _aNew Delhi
_bRohan book company
_c2004
999 _c2862
_d2862